000 00434nam a2200181Ia 4500
003 OSt
005 20220616110454.0
008 210210b1946 xxu||||| |||| 00| 0 eng d
040 _cAL
041 _aeng
082 _a822/13
100 _aADDISON (J)
_943275
245 _aDe coverley papers: Myres Ed
260 _aLondon
_bOxford University Press
_c1946
690 _aEnglish Prose
_943281
906 _a012199
942 _2ddc
_cBK
999 _c130973
_d130973